书目信息 |
| 题名: |
天体物理学
|
|
| 作者: | 李宗伟 , 肖兴华 | |
| 分册: | ||
| 出版信息: | 北京 高等教育出版社 2000.07 |
|
| 页数: | 500页 | |
| 开本: | 16开 | |
| 丛书名: | ||
| 单 册: | ||
| 中图分类: | P14 | |
| 科图分类: | ||
| 主题词: | 天体物理学 | |
| 电子资源: | ||
| ISBN: | 7-04-007942-9 | |
| 000 | 00557nam0 2200205 45 | |
| 001 | 0106280918 | |
| 005 | 20010628090705.0 | |
| 010 | @a7-04-007942-9@d27.30元 | |
| 100 | @a20010628d2000 km y0chiy0120 ea | |
| 101 | 0 | @achi |
| 105 | @a z 000yy | |
| 200 | 1 | @a天体物理学@ATian Ti Wu Li Xue@f李宗伟,肖兴华@FLi Zong Wei,Xiao Xing Hua |
| 210 | @a北京@c高等教育出版社@d2000.07 | |
| 215 | @a500页@d16开 | |
| 606 | 0 | @a天体物理学 |
| 690 | @aP14@v3 | |
| 701 | 0 | @a李宗伟 |
| 701 | 0 | @a肖兴华 |
| 801 | @aCN@bPftUser@c20010628 | |
| 905 | @f5@b351102-106@dP14@eL878 | |
| 天体物理学/李宗伟,肖兴华.-北京:高等教育出版社,2000.07 |
| 500页;16开 |
| ISBN 7-04-007942-9:27.30元 |
| ● |
| 相关链接 |
|
|
|
正题名:天体物理学
索取号:P14/L878
 
预约/预借
| 序号 | 登录号 | 条形码 | 馆藏地/架位号 | 状态 | 备注 |
| 1 | 351102 | 203511020 | 自科库401/401自科库 110排1列3层/ [索取号:P14/L878] | 在馆 | |
| 2 | 351103 | 203511039 | 期刊室512/401自科库 109排2列5层/ [索取号:P14/L878] | 在馆 | |
| 3 | 351104 | 203511048 | 社科二线400B/400B社科库 7排2列4层/ [索取号:P14/L878] | 在馆 | |
| 4 | 351105 | 203511057 | 社科二线400B/400B社科库 7排2列4层/ [索取号:P14/L878] | 在馆 | |
| 5 | 351106 | 203511066 | 社科二线400B/401自科库 109排2列5层/ [索取号:P14/L878] | 在馆 |